000 00510nam a2200205 a 4500
001 15277
003 CO-ViMGA
008 141112s2004 ck r 000 u spa d
020 _a9584101315
040 _aCO-ViMGA
_bspa
_cCO-ViMGA
082 0 4 _a515 A973c
100 1 _aAyres Jr, Frank; Mendelson, Elliot
_922187
245 1 0 _aCálculo
250 _a4
260 _aBogotá,
_cMcGraw Hill,
_c2000
300 _a596.p.
650 1 4 _aCALCULO
_9470
650 1 4 _aEJERCICIOS - PROBLEMAS
_922188
942 _2ddc
_cBK
999 _c25640
_d25640